EBCC Lungthul D Dorcas golden jubilee ( 1968-2018 ) souvenir : (Record no. 8083)

MARC details
000 -LEADER
fixed length control field 00421nam a22001457a 4500
003 - CONTROL NUMBER IDENTIFIER
control field GBCCL
005 - DATE AND TIME OF LATEST TRANSACTION
control field 20241126110643.0
008 - FIXED-LENGTH DATA ELEMENTS--GENERAL INFORMATION
fixed length control field 190218b ||||| |||| 00| 0 eng d
040 ## - CATALOGING SOURCE
Transcribing agency gbc
082 ## - DEWEY DECIMAL CLASSIFICATION NUMBER
Classification number SOU EBC
Item number 2018
245 ## - TITLE STATEMENT
Title EBCC Lungthul D Dorcas golden jubilee ( 1968-2018 ) souvenir :
Remainder of title tutan Toupa'n honpi
260 ## - PUBLICATION, DISTRIBUTION, ETC.
Place of publication, distribution, etc. Lungthul D :
Name of publisher, distributor, etc. Dorcas golden jubilee celebration,
Date of publication, distribution, etc. 2018
300 ## - PHYSICAL DESCRIPTION
Extent 160
942 ## - ADDED ENTRY ELEMENTS (KOHA)
Source of classification or shelving scheme Dewey Decimal Classification
Koha item type Archives
Holdings
Withdrawn status Lost status Source of classification or shelving scheme Damaged status Not for loan Collection Home library Current Library Shelving location Date acquired Total checkouts Full call number Barcode Date last seen Copy number Price effective from Koha item type
    Dewey Decimal Classification       GRACE BIBLE COLLEGE GRACE BIBLE COLLEGE Archives 2019-02-18   SOU EBC 2018 250151 2025-05-01 c.1 2019-02-18 Archives
© Grace Bible College Library 2025